000 01338naa a22003377a 4500
001 BR9102871
003 BR-BrBNA
005 20240918180726.0
007 ta
008 230509b bl.||||| |||| 00| 0 por d
040 _aBR-BrBNA
_bpor
_cBiblioteca Nacional de Agricultura
041 _a(Pt)
072 _aK10; E20; E16
_b3240
090 _aK10 BR9102871
100 1 _aSchneider, P.R.
100 1 _aKlein, J.E.M.
100 1 _aTotti, J.A.
100 1 _aMenezes, L.F.
111 1 _a1. Encontro Brasileiro de Planejamento Florestal
_cCuritiba, PR (Brazil)
_d4-6 Oct 1989
245 1 _aParametros de area basal para a decisao entre conducao da brotacao e reforma de povoamentos de Eucalyptus saligna
260 3 _aCuritiba, PR (Brasil):
_c1989.
500 _aGraca, L.R. (ed.) Anais do 1. Encontro Brasileiro de Planejamento Florestal Curitiba, PR (Brasil): 1989. p. 87-104 (BR9102871-AM)K10
650 _aEUCALIPTO
650 _aBROTACAO
650 _aPLANEJAMENTO FLORESTAL
650 _aANALISE ECONOMICA
650 _aCUSTO DE PRODUCAO
773 0 _tAnais do 1. Encontro Brasileiro de Planejamento Florestal
_aGraca, L.R. (ed.). Centro Nacional de Pesquisa de Florestas, Curitiba, PR (Brasil)
_wK10 BR9102871
_gCuritiba, PR (Brasil), 1989. p. 87-104
909 _a202404
_bLucia
_c55
_dLucia Elande
942 _cAM
_2AGRIS
999 _c321837
_d321837